Equitation 2023 : De quel pays est originaire le champion du monde ? - Statistiques

Statistiques générales
  • Ce quiz a été pris 19 fois
  • Le résultat moyen est 6 sur 16
Statistiques - réponses
Hint Réponse % Correct
Saut d'obstacle Individuel Championnat du monde FEI Mixte Suède
75%
Voltige Individuel Championnat du monde FEI H France
63%
Saut d'obstacle Par équipes Championnat du monde FEI Mixte Suède
63%
Voltige Individuel Championnat du monde FEI F France
56%
Dressage Grand prix Championnat du monde FEI Mixte Royaume-Uni
56%
Dressage Reprise libre Championnat du monde FEI Mixte Royaume-Uni
56%
Attelage 1 cheval Par équipes Championnat du monde Mixte France
44%
TREC Individuel Championnat du monde Mixte France
44%
Voltige Coupe des nations Championnat du monde FEI Mixte France
44%
Voltige Pas de deux Championnat du monde FEI Mixte Allemagne
31%
Voltige En équipe Championnat du monde FEI Mixte Allemagne
31%
Dressage Par équipes Championnat du monde FEI Mixte Danemark
25%
Attelage 1 cheval Individuel Championnat du monde Mixte Pays-Bas
19%
Attelage 4 chevaux Individuel Coupe du monde Mixte Australie
13%
Attelage 2 chevaux Individuel Championnat du monde Mixte Hongrie
6%
Attelage 2 chevaux Par équipes Championnat du monde Mixte Hongrie
6%
Aucun quiz correspondant
Distribution des résultats
% des personnes avec chaque résultat
Percentile par nombre de réponses
Votre historique - résultats
Vous n’avez pas pris ce quiz